| 000 | 00628nam a2200217Ia 4500 | ||
|---|---|---|---|
| 005 | 20250508154721.0 | ||
| 008 | 008 250505s9999 xx 000 0 eng d | ||
| 037 | _aTextual | ||
| 040 |
_aFEDL _beng _cFEDL |
||
| 041 |
_aeng _2eng |
||
| 084 |
_a150.1943, STE _qFEDL |
||
| 100 | _aStevenson Harold W | ||
| 245 | 0 | _aEarly behavior: Comparative and developmental approaches | |
| 260 |
_aNew York, USA _bJohn Wiley and Sons _c1967 |
||
| 300 | _aix,303p. | ||
| 365 |
_aINR _b70.2 |
||
| 650 | _aPsychology | ||
| 700 |
_a Hess Eckhard H _9765923 |
||
| 942 |
_cTEXL _h150.1943, STE |
||
| 999 |
_c1351762 _d1351762 |
||